|
|
|
|
| LEADER |
00878nam a22002417a 4500 |
| 001 |
42515 |
| 003 |
BD-DhAAL |
| 005 |
20240425150722.0 |
| 008 |
240425t2018 enka|||| |||| 00| 0 eng d |
| 040 |
|
|
|a BD-DhAAL
|d BD-DhAAL
|
| 082 |
|
|
|a 330.05
|
| 245 |
|
|
|a The economist,
|n Sep-Dec 2018.
|
| 264 |
|
|
|a London :
|b The Economist Newspaper Ltd.,
|c 2018.
|
| 300 |
|
|
|a v. :
|b illustrations ;
|c 27 cm.
|
| 541 |
|
|
|a International Book Agency
|e 42515
|
| 650 |
|
|
|a Economics
|v Periodicals.
|9 1923
|
| 650 |
|
|
|a Commerce
|v Periodicals.
|9 1922
|
| 650 |
|
|
|a Economic history
|v Periodicals.
|9 670
|
| 650 |
|
|
|a Economic history.
|
| 852 |
|
|
|a Ayesha Abed Library
|c Reference Section
|
| 942 |
|
|
|2 ddc
|c BK
|
| 999 |
|
|
|c 46568
|d 46568
|
| 952 |
|
|
|0 0
|1 0
|2 ddc
|4 0
|6 330_050000000000000_ECO
|7 1
|9 75395
|a BRACUL
|b BRACUL
|c REF
|d 2024-04-25
|e International Book Agency
|l 0
|o 330.05 ECO
|p 3010042515
|r 2024-04-25
|t 1
|w 2024-04-25
|y BK
|